000 00614nam a22001697a 4500
003 OSt
005 20180321105410.0
008 161005b xxu||||| |||| 00| 0 eng d
040 _cCRI
082 _a613.2
110 _940022
_aAlianza Panamericana por la Nutrición y el Desarollo
245 _aDocumento básico, premisas conceptuales y principios estratégicos
_cAlianza Panamericana por la Nutrición y el Desarollo
260 _aPerú
_bAlianza Panamericana por la Nutrición y el Desarollo
_c2009
300 _a27 p. esp, 27 p. ing.
_c24 cm.
650 0 _92745
_aNutrición
942 _2ddc
_cBK
_hprozim
999 _c26111
_d26111